=LDR 00000nam 2200000 4500 =001 INLIS000000000006851 =005 20251119094617 =035 ##$$a 0010-1125000725 =007 ta =008 251119################g##########0#ind## =082 ##$$a 910.259 8 =100 1#$$a Muis, M. Noer =245 1#$$a Amazing Ambon : $b above, under, and beyond /$c Muis, M. Noer =250 ##$$a Edisi Bahasa Indonesia =260 ##$$a Jakarta :$b M. Noer Muis,$c 2010 =300 ##$$a ix, 205 hlm. : $b ilus. ; $c 24 cm =651 #4$$a Kotamadya Ambon =084 ##$$a 910.259 8 MUI a =990 ##$$a B-2010-00127